Human rights as practice : (Record no. 95098)

MARC details
000 -LEADER
fixed length control field 00731nam a22002057a 4500
005 - DATE AND TIME OF LATEST TRANSACTION
control field 20150817164631.0
010 ## - LCCN (DPL NO)
LC control number ENG-113603
020 ## - INTERNATIONAL STANDARD BOOK NUMBER
Terms of availability 850.00
International Standard Book Number 0198095457
020 ## - INTERNATIONAL STANDARD BOOK NUMBER
Terms of availability 850.00
International Standard Book Number 9780198095453
035 ## - SYSTEM CONTROL NUMBER
System control number EN-97135
037 ## - SOURCE OF ACQUISITION
Source of stock number/acquisition DBAD/PUB
082 ## - DEWEY DECIMAL CLASSIFICATION NUMBER
Classification number 323.34095482
100 ## - MAIN ENTRY--PERSONAL NAME
Personal name Mangubhai, Jayshree P.
245 ## - TITLE STATEMENT
Title Human rights as practice :
Statement of responsibility, etc by Jayshree P. Mangubhai
Remainder of title dalit women securing livelihood entitlements in South India /
260 ## - PUBLICATION, DISTRIBUTION, ETC. (IMPRINT)
Place of publication, distribution, etc New Delhi
Name of publisher, distributor, etc Oxford University Press
Date of publication, distribution, etc 2014
270 ## - ADDRESS
Address YMCA Library Building, 1 Jai Singh Road,
City New Delhi
Postal code 110001
300 ## - PHYSICAL DESCRIPTION
Extent xiii,295p.
Dimensions 24cm(Hb)
500 ## - GENERAL NOTE
General note Includes bibliographical references and index
942 ## - ADDED ENTRY ELEMENTS (KOHA)
Source of classification or shelving scheme Dewey Decimal Classification
Item type English Books
Call number suffix MAN
Classification part 323.34095482
Holdings
Withdrawn status Lost status Not for loan Collection code Home library Current library Date acquired Source of acquisition Cost, normal purchase price Full call number Barcode Copy number Cost, replacement price Koha item type
    Not For Loan Non-fiction D.B.Act.Division D.B.Act.Division 20/07/2015 DBAD/Pub. 850.00 323.34095482 MAN EN-97135 1 850.00 English Books

© Delhi Public Library
Hit Counter
free hit counter